000 01118nam a2200313Ia 4500
003 OSt
005 20221006160025.0
006 a|||||r|||| 00| 0
007 ta
008 221006b |||||||| |||| 00| 0 eng d
020 _a9780674031074
_c
_40.83
024 _a44,088
037 _bGift, Korean Embassy (Window on Korea)
_cTextual
040 _aEASL
_cEASL
_beng
041 _2eng
_aeng
082 _aY15OaQ8495, P8
100 _aKelly H. Chong
_9671511
245 0 _aDeliverance and Submission
_b Evangelical Women and the Negotiation of Patriarchy in South Korea
260 _aStanford
_bStanford University Press
_c2008
300 _a272p.
_ccm.
490 _v KEL
650 _a Middle-aged women - Korea - South
_9671304
650 _a Middle-aged women - Religious life
_9671512
650 _a Religious and Sociology - Korea - South
_9671513
650 _a Women studies - Korea - South
_9671514
650 _aEvangelicalism - Korea - South
_9671515
942 _hY15OaQ8495, P8
_cTEXL
_2CC
999 _c1112180
_d1112180